Genshin Impact Character - Statistiques

Statistiques générales
  • Ce quiz a été pris 334 fois
  • Le résultat moyen est 67 sur 81
Statistiques - réponses
Par images Réponse % Correct
Albedo
98%
Amber
98%
Barbara
97%
Diluc
95%
Jean
95%
Bennett
94%
Hu Tao
94%
Beidou
93%
Eula
92%
Kaeya
92%
Fischl
91%
Ganyu
91%
Lisa
91%
Aloy
90%
Cyno
90%
Klee
90%
Noelle
90%
Qiqi
90%
Razor
90%
Venti
90%
Candace
89%
Collei
89%
Diona
89%
Gorou
89%
Mona
89%
Thoma
89%
Baizhu
88%
Faruzan
88%
Lynette
88%
Tartaglia
88%
Charlotte
87%
Furina
87%
Gaming
87%
Lyney
87%
Nahida
87%
Nilou
87%
Xiao
87%
Dehya
86%
Dori
86%
Sucrose
86%
Chongyun
84%
Keqing
84%
Yae Miko
84%
Zhongli
84%
Alhaitham
83%
Chevreuse
83%
Layla
83%
Navia
83%
Neuvilette
83%
Freminet
82%
Mika
82%
Ningguang
82%
Sayu
82%
Shenhe
82%
Yanfei
82%
Kaveh
81%
Kamisato Ayaka
80%
Kamisato Ayato
80%
Yaoyao
79%
Arataki Itto
78%
Raiden Shogun
78%
Xiangling
78%
Yelan
78%
Yoimiya
78%
Kirara
76%
Kujou Sara
74%
Kuki Shinobu
74%
Yun Jin
74%
Chiori
72%
Rosaria
71%
Xingqiu
71%
Xinyan
70%
Sangonomiya Kokomi
69%
Wriothesley
69%
Kaedehara Kazuha
67%
Traveler
65%
Xianyun
63%
Wanderer
60%
Shikanoin Heizou
54%
Dainsleif
52%
Tignhari
35%
Aucun quiz correspondant
Distribution des résultats
% des personnes avec chaque résultat
Percentile par nombre de réponses
Votre historique - résultats
Vous n’avez pas pris ce quiz